Management Information System. (Record no. 722)

MARC details
000 -LEADER
fixed length control field 00443nam a22001697a 4500
005 - DATE AND TIME OF LATEST TRANSACTION
control field 20160513113133.0
008 - FIXED-LENGTH DATA ELEMENTS--GENERAL INFORMATION
fixed length control field 160513b xxu||||| |||| 00| 0 eng d
020 ## - INTERNATIONAL STANDARD BOOK NUMBER
ISBN 81-297-0203-7
041 ## - LANGUAGE CODE
Language code of text/sound track or separate title eng
082 ## - DEWEY DECIMAL CLASSIFICATION NUMBER
Item number 1892
100 ## - MAIN ENTRY--AUTHOR NAME
Personal name Ken Laudon Jane Laudon
245 ## - TITLE STATEMENT
Title Management Information System.
260 ## - PUBLICATION, DISTRIBUTION, ETC. (IMPRINT)
Place of publication New Delhi
Name of publisher Pearson Education, Indian B. Patparganj,
Year of publication 2004
300 ## - PHYSICAL DESCRIPTION
Number of Pages 534
650 ## - SUBJECT ADDED ENTRY--TOPICAL TERM
Topical Term Management
942 ## - ADDED ENTRY ELEMENTS (KOHA)
Koha item type Books
Holdings
Lost status Damaged status Collection code Home library Current library Shelving location Date acquired Full call number Accession Number Koha item type
    MANAGEMENT JRU Library JRU Library SHELF - 69 A 13/05/2016 1892 1892 Books
    MANAGEMENT JRU Library JRU Library SHELF-37-B 13/05/2016 1892 1893 Books